000 00306nam a22001337a 4500
008 170601b xxu||||| |||| 00| 0 eng d
020 _a9781931686570
041 _aeng
080 _a94(7/8)
100 _a17
101 _aSHH
245 _aSECRET LIVES OF THE US PRESIDENTS
_cO'BRIEN,C
942 _2udc
_cBK
999 _c15316
_d15316